[Event "WchT Seniors 50"]
[Site "Vilnius"]
[Date "2014.07.21"]
[Round "9.4"]
[White "Buzas, Narvydas"]
[Black "Kozlovskaya, Valentina"]
[Result "0-1"]
[WhiteElo "1789"]
[BlackElo "2161"]
[PlyCount "121"]
[EventDate "2014.07.13"]
[EventType "team-swiss"]
[EventRounds "9"]
[EventCountry "LTU"]
[SourceTitle "CBM 161 Extra"]
[Source "ChessBase"]
[SourceDate "2014.08.29"]
[SourceVersion "1"]
[SourceVersionDate "2014.08.29"]
[SourceQuality "1"]
[WhiteTeam "Lithuania Marijampole"]
[BlackTeam "Russia (W)"]
[WhiteTeamCountry "LTU"]
[BlackTeamCountry "RUS"]

1. d4 c5 2. d5 e5 3. e4 d6 4. Bb5+ Nd7 5. Ne2 a6 6. Bxd7+ Bxd7 7. a4 b5 8. axb5 axb5 9. Rxa8 Qxa8 10. 0-0 Nf6 11. Ng3 Be7 12. f4 exf4 13. Bxf4 0-0 14. Nd2 c4 15. Nf3 Re8 16. h3 Bf8 17. Re1 h6 18. Qd4 Nh7 19. Qb6 Rb8 20. Qd4 g5 21. Bc1 Bg7 22. Qf2 Qa5 23. Rf1 Rf8 24. Nd4 Qd8 25. Ndf5 Bxf5 26. Nxf5 Qd7 27. Qb6 Rd8 28. c3 Bf8 29. Qd4 Re8 30. Bd2 Re5 31. Be1 Qe8 32. Ng3 Bg7 33. Qb6 Nf6 34. Rxf6 Bxf6 35. Qxd6 Bg7 36. Bf2 Rxe4 37. Nxe4 Qxe4 38. Qb8+ Kh7 39. Qxb5 Be5 40. g3 Qf3 41. Qxc4 Bxg3 42. Qf1 Bxf2+ 43. Qxf2 Qxd5 44. Qd4 Qf5 45. Qf2 Qe6 46. Qf3 Kg6 47. Qd3+ f5 48. b4 Kh5 49. b5 g4 50. c4 Kh4 51. hxg4 fxg4 52. Qd8+ Kh3 53. Qd3+ g3 54. Qf1+ Kg4 55. Qd1+ Kh4 56. Qf1 Qe3+ 57. Kg2 Qd2+ 58. Kf3 Qc3+ 59. Kg2 Qc2+ 60. Kf3 Qf5+ 61. Kg2 0-1

[Event "WchT Seniors 50"]
[Site "Vilnius"]
[Date "2014.07.19"]
[Round "7.4"]
[White "Rozlapa, Vija"]
[Black "Kozlovskaya, Valentina"]
[Result "0-1"]
[WhiteElo "2012"]
[BlackElo "2161"]
[PlyCount "102"]
[EventDate "2014.07.13"]
[EventType "team-swiss"]
[EventRounds "9"]
[EventCountry "LTU"]
[SourceTitle "CBM 161 Extra"]
[Source "ChessBase"]
[SourceDate "2014.08.29"]
[SourceVersion "1"]
[SourceVersionDate "2014.08.29"]
[SourceQuality "1"]
[WhiteTeam "Latvia (W)"]
[BlackTeam "Russia (W)"]
[WhiteTeamCountry "LAT"]
[BlackTeamCountry "RUS"]

1. e4 c5 2. Nf3 a6 3. b3 d6 4. Bb2 e5 5. a4 Nf6 6. d3 Be7 7. Nbd2 0-0 8. g3 Nc6 9. Bg2 Rb8 10. Nc4 b5 11. axb5 axb5 12. Ne3 g6 13. 0-0 Re8 14. Nd2 Bf8 15. f4 Bh6 16. Qf3 Nd4 17. Qf2 exf4 18. gxf4 Bb7 19. c3 Ne6 20. Qh4 Nh5 21. Qxd8 Rexd8 22. Ng4 Bxf4 23. Nf3 Ra8 24. Rxa8 Rxa8 25. Bc1 Bxc1 26. Rxc1 Ra2 27. Ne1 Kg7 28. Rc2 Ra1 29. Kf2 Rb1 30. e5 Bxg2 31. Nxg2 dxe5 32. Nxe5 Rxb3 33. Ke3 Nf6 34. Ne1 Nd5+ 35. Kd2 f6 36. Ng4 h5 37. Nf2 g5 38. Nd1 g4 39. Ra2 b4 40. Kc2 Rxc3+ 41. Nxc3 Nd4+ 42. Kc1 Nxc3 43. Ra7+ Kg6 44. Nc2 Nxc2 45. Kxc2 h4 46. Kb3 g3 47. hxg3 hxg3 48. d4 cxd4 49. Kxb4 g2 50. Ra8 Kh7 51. Ra1 Ne2 0-1

[Event "WchT Seniors 50"]
[Site "Vilnius"]
[Date "2014.07.18"]
[Round "6.5"]
[White "Kozlovskaya, Valentina"]
[Black "Priednieks, Eriks"]
[Result "1-0"]
[WhiteElo "2161"]
[BlackElo "2124"]
[PlyCount "119"]
[EventDate "2014.07.13"]
[EventType "team-swiss"]
[EventRounds "9"]
[EventCountry "LTU"]
[SourceTitle "CBM 161 Extra"]
[Source "ChessBase"]
[SourceDate "2014.08.29"]
[SourceVersion "1"]
[SourceVersionDate "2014.08.29"]
[SourceQuality "1"]
[WhiteTeam "Russia (W)"]
[BlackTeam "Latvia"]
[WhiteTeamCountry "RUS"]
[BlackTeamCountry "LAT"]

1. c4 e5 2. Nc3 Nf6 3. g3 Nc6 4. Bg2 g6 5. d3 Bg7 6. Nf3 0-0 7. 0-0 d6 8. h3 Nh5 9. e4 Nd4 10. Nxd4 exd4 11. Ne2 c5 12. g4 Nf6 13. Ng3 Ne8 14. Bd2 Bf6 15. b4 Ng7 16. Rb1 Bh4 17. Nh1 Qe7 18. f4 f5 19. bxc5 dxc5 20. gxf5 gxf5 21. e5 Rb8 22. Be1 b6 23. Rb2 Kh8 24. Kh2 Bxe1 25. Qxe1 Bb7 26. Qd1 Bxg2 27. Rxg2 Qh4 28. Qf3 Ne6 29. Ng3 Ng7 30. a4 Rbe8 31. Ne2 Ne6 32. Rfg1 Re7 33. Qg3 Qxg3+ 34. Rxg3 Rb7 35. Rb1 Rg7 36. Kg2 Rfg8 37. Kf3 h5 38. Rxg7 Nxg7 39. a5 bxa5 40. Rb5 Ne6 41. Rxa5 h4 42. Rxa7 Rg7 43. Ra6 Rg6 44. Kf2 Kg7 45. Ke1 Kf7 46. Ra7+ Kg8 47. Re7 Rh6 48. Ra7 Rg6 49. Kf2 Rh6 50. Ra1 Rg6 51. Rg1 Rxg1 52. Kxg1 Kg7 53. Kf2 Kf7 54. Kf3 Kg7 55. Nc1 Kf7 56. Nb3 Ke7 57. Na1 Kd7 58. Nc2 Ke7 59. Ne1 Kf7 60. Ng2 1-0

[Event "WchT Seniors 50"]
[Site "Vilnius"]
[Date "2014.07.17"]
[Round "5.3"]
[White "Kozlovskaya, Valentina"]
[Black "Pein, Malcolm"]
[Result "1-0"]
[WhiteElo "2161"]
[BlackElo "2357"]
[PlyCount "57"]
[EventDate "2014.07.13"]
[EventType "team-swiss"]
[EventRounds "9"]
[EventCountry "LTU"]
[SourceTitle "CBM 161 Extra"]
[Source "ChessBase"]
[SourceDate "2014.08.29"]
[SourceVersion "1"]
[SourceVersionDate "2014.08.29"]
[SourceQuality "1"]
[WhiteTeam "Russia (W)"]
[BlackTeam "England"]
[WhiteTeamCountry "RUS"]
[BlackTeamCountry "ENG"]

1. c4 e5 2. Nc3 Nc6 3. g3 f5 4. Bg2 Nf6 5. d3 Bb4 6. Bd2 0-0 7. e3 d6 8. Nge2 Be6 9. 0-0 d5 10. cxd5 Nxd5 11. d4 exd4 12. exd4 Re8 13. Re1 Bf8 14. Nf4 Nxf4 15. Bxf4 Nxd4 16. Bxc7 Qxc7 17. Qxd4 Rad8 18. Qa4 Bf7 19. Rxe8 Rxe8 20. Bd5 Rd8 21. Bxf7+ Qxf7 22. Qxa7 Rd2 23. Qb6 Qc4 24. Qxb7 Qd4 25. Rf1 g6 26. Qb3+ Kg7 27. Nd1 Bc5 28. Qc3 Rxd1 29. Rxd1 1-0

[Event "WchT Seniors 50"]
[Site "Vilnius"]
[Date "2014.07.16"]
[Round "4.2"]
[White "Mikenas, Alius V"]
[Black "Kozlovskaya, Valentina"]
[Result "0-1"]
[WhiteElo "2162"]
[BlackElo "2161"]
[PlyCount "114"]
[EventDate "2014.07.13"]
[EventType "team-swiss"]
[EventRounds "9"]
[EventCountry "LTU"]
[SourceTitle "CBM 161 Extra"]
[Source "ChessBase"]
[SourceDate "2014.08.29"]
[SourceVersion "1"]
[SourceVersionDate "2014.08.29"]
[SourceQuality "1"]
[WhiteTeam "Lithuania Logika"]
[BlackTeam "Russia (W)"]
[WhiteTeamCountry "LTU"]
[BlackTeamCountry "RUS"]

1. Nf3 c5 2. g3 Nc6 3. Bg2 d5 4. 0-0 e5 5. d3 Be7 6. c4 dxc4 7. dxc4 Qxd1 8. Rxd1 e4 9. Ne1 f5 10. Nc3 Nf6 11. Nb5 Kf7 12. Nc7 Rb8 13. Bf4 Nh5 14. Bd6 Bxd6 15. Rxd6 Nf6 16. Nc2 Rd8 17. Rxd8 Nxd8 18. Rd1 Be6 19. Ne3 Nc6 20. a3 a6 21. Kf1 Rc8 22. Nxe6 Kxe6 23. Nxf5 Rc7 24. Bh3 Kf7 25. Ke1 g6 26. Nd6+ Ke7 27. Bg2 Na5 28. e3 Ke6 29. g4 h6 30. h4 g5 31. hxg5 hxg5 32. Nxe4 Nxc4 33. Nxg5+ Ke7 34. Ne4 Nxg4 35. Nc3 Nf6 36. Ke2 b5 37. Rh1 Nxb2 38. Rh6 b4 39. Nd5+ Nxd5 40. Bxd5 a5 41. axb4 cxb4 42. f4 Na4 43. Kd3 Rc3+ 44. Kd4 Nc5 45. e4 Nd7 46. e5 Rc1 47. Rh7+ Ke8 48. Bc4 Rd1+ 49. Ke4 b3 50. Rh2 a4 51. Kf5 Ke7 52. e6 Nf8 53. Rg2 Re1 54. Rg7+ Kd6 55. Rb7 Nxe6 56. Bxe6 Rxe6 57. Rb4 Re1 0-1

[Event "EU-ch Seniors 65 Blitz"]
[Site "Porto"]
[Date "2014.03.21"]
[Round "2"]
[White "Beznosikov, Vladimir"]
[Black "Kozlovskaya, Valentina"]
[Result "1-0"]
[WhiteElo "2368"]
[BlackElo "2181"]
[PlyCount "67"]
[EventDate "2014.03.21"]
[EventType "swiss (blitz)"]
[EventRounds "9"]
[EventCountry "POR"]
[SourceTitle "EXT 2015"]
[Source "ChessBase"]
[SourceDate "2014.11.20"]
[SourceVersion "1"]
[SourceVersionDate "2014.11.20"]
[SourceQuality "1"]

1. e4 c5 2. Nf3 d6 3. Bb5+ Bd7 4. a4 Nc6 5. 0-0 Nf6 6. Re1 e6 7. c3 Be7 8. d4 0-0 9. d5 Ne5 10. Nxe5 dxe5 11. d6 Bc6 12. dxe7 Qxe7 13. Bxc6 bxc6 14. Bg5 h6 15. Bxf6 Qxf6 16. Qf3 Qe7 17. Nd2 Rab8 18. Nc4 f6 19. a5 Rb5 20. Rad1 Rbb8 21. Rd2 Qb7 22. Red1 Qb3 23. Qe2 Kh7 24. h3 Rbc8 25. Rd7 a6 26. Re7 Rcd8 27. Rxd8 Rxd8 28. Qg4 Rg8 29. Qxe6 Qd1+ 30. Kh2 Qe2 31. Qf5+ Kh8 32. Nd6 Rf8 33. Nf7+ Kg8 34. Nxh6+ 1-0

[Event "EU-ch Seniors 65 Blitz"]
[Site "Porto"]
[Date "2014.03.21"]
[Round "6"]
[White "Grinberg, Iosif P"]
[Black "Kozlovskaya, Valentina"]
[Result "1-0"]
[WhiteElo "2112"]
[BlackElo "2181"]
[PlyCount "44"]
[EventDate "2014.03.21"]
[EventType "swiss (blitz)"]
[EventRounds "9"]
[EventCountry "POR"]
[SourceTitle "EXT 2015"]
[Source "ChessBase"]
[SourceDate "2014.11.20"]
[SourceVersion "1"]
[SourceVersionDate "2014.11.20"]
[SourceQuality "1"]

1. e4 c5 2. a3 Nc6 3. b4 cxb4 4. axb4 Nxb4 5. d4 Nc6 6. d5 Ne5 7. Bb2 d6 8. Nf3 Nxf3+ 9. Qxf3 Nf6 10. Bd3 a6 11. 0-0 g6 12. Bxf6 exf6 13. Nd2 Bg7 14. Rab1 0-0 15. Nb3 Qe7 16. c3 Bd7 17. Nd4 Rab8 18. Rb6 Rfc8 19. Ne2 Qe5 20. Rfb1 h5 21. h3 f5 22. exf5 Bh6 1-0